000 01112nam a22002657a 4500
001 BD-DhSAU 8991
003 BD-DhSAU
005 20181224115220.0
008 150612b2008 bg a||||r|||| 000 0 eng d
040 _aBD-DhSAU
082 _222
_a635
_bK5279
100 _aKhayrunnessa, Maleka
_eRegistration No. # 02622
245 _aEffect of bulb size and potassium on the growth flower and bulb production of tuberose /
_bMS thesis
_cby Maleka Khayrunnessa.
260 _aSher-e- Bangla Agricultural University :
_bDepartment of Horticulture and Postharvest Technology,
_c2008.
300 _aix, 77 p. :
_bill. ,
_c30 cm.
500 _aMS thesis of Department of Horticulture and Postharvest Technology, Faculty of Agriculture, Sher-e-Bangla Agricultural University, Dhaka, Bangladesh
590 _ajoy
650 _aHorticulture
650 _aPostharvest Technology
650 _aTuberose
700 _aAmin, Md. Ruhul
_eSupervisor
700 _aAkand, Md. Hassanuzzaman
_eCo-Supervisor
856 _yOnline Access
_uhttp://archive.saulibrary.edu.bd:8080/xmlui/handle/123456789/1002
942 _2ddc
_cTHESIS
999 _c8991
_d8991